1136 1262 1039 1791 1142 1560 1341 1283 1852 1571 1151 1625 1727 1238 1219 1279 1457 1543 1197 1007 1486 1737 1456 1443 1855 1265 1078 1695 1798 1919 1863 1373 1740 1818 1249 1277 1392 1563 1034 1155 1019 1895 1311 1903 1522 1126 1020 1705 1416 1698 1346 1400 1990 1586 1969 1913 1162 1086 1395 1583 1812 1302 1209 1592 1529 1289 1264 1614 1653 1277 1942 1610 1996 1578 1686 1308 1871 1328 1617 1705 1209 1021 1685 1728 1836 1959 1193 1882 1264 1581 1622 1447 1499 1572 1696 1262 1272 1379 1920 BCNSPRNW ULIB Ver.6.0+V

เปลี่ยนเป็นภาษาไทย

Change to English
 แสดงรายละเอียดบรรณานุกรม
  กลับหน้าหลัก

Brief Record : Get Marc (ISO 2709) : E-mail record : QR code < ปิดหน้าต่าง
LEADER : 00000nam 2200000uu 4500
001    13399127795
003     ULIB
008    210916s2562||||th 000 0 tha d
020    ^a9742937915 (ล.2)
020    ^a9789742937911
060 04 ^aWY157^bก496ก ล.2
110 1  ^aกระทรวงสาธารณสุข. ^bสถาบันพระบรมราชชนก.^bโครงการสวัสดิการวิชาการ
245 00 ^aการพยาบาลสูติศาสตร์ เล่ม 2 /^cบรรณาธิการ, มณีภรณ์ โสภานุสรณ์
250    ^aพิมพ์ครั้งที่ 15
260    ^aนนทบุรี :^bโครงการสวัสดิการวิชาการ สถาบันพระบรมราชชนกกระทรวงสาธารณสุข,^c2562
300    ^a213 หน้า:^bภาพประกอบ ;^c26 ซม.
650  7 ^aการพยาบาลสูติศาสตร์
700 0  ^aวรรณรัตน์ จงเจริญยานนท์,^eบรรณาธิการ
710 2  ^aกระทรวงสาธารณสุข. ^bสถาบันพระบรมราชชนก.^bโครงการสวัสดิการวิชาการ
945    ^p200^l0^i28922
945    ^p200^l0^i28923
945    ^p200^l0^i28924
945    ^p200^l0^i28925
945    ^p200^l0^i28926
995    ^aกัณชพร จุลอักษร
999    ^aกัณชพร
รายการนี้ยังไม่มีแท็ก
คุณยังไม่ได้ล็อกอิน คุณสามารถมีกิจกรรมร่วมกับเว็บไซต์ได้ แต่ต้องล็อกอินก่อน ::
  ล็อกอิน

รายการสื่อสารสนเทศ

ลำดับที่ ประเภท เลขเรียก/บาร์โค้ด สถานที่ สถานะ
1. หนังสือสำรอง
หนังสือสำรอง
WY157 ก496ก ล.2 ฉ.1 
  Barcode: 28922
ห้องสมุดวิทยาเขตนครสวรรค์
►หนังสือทั่วไป:l:General Books
บนชั้น
2. วิทยาศาสตร์การแพทย์ และสุขภาพ
วิทยาศาสตร์การแพทย์ และสุขภาพ
WY157 ก496ก ล.2 ฉ.2 
  Barcode: 28923
ห้องสมุดวิทยาเขตนครสวรรค์
►หนังสือทั่วไป:l:General Books
บนชั้น
3. วิทยาศาสตร์การแพทย์ และสุขภาพ
วิทยาศาสตร์การแพทย์ และสุขภาพ
WY157 ก496ก ล.2 ฉ.3 
  Barcode: 28924
ห้องสมุดวิทยาเขตนครสวรรค์
►หนังสือทั่วไป:l:General Books
บนชั้น
4. วิทยาศาสตร์การแพทย์ และสุขภาพ
วิทยาศาสตร์การแพทย์ และสุขภาพ
WY157 ก496ก ล.2 ฉ.4 
  Barcode: 28925
ห้องสมุดวิทยาเขตนครสวรรค์
►หนังสือทั่วไป:l:General Books
บนชั้น
5. วิทยาศาสตร์การแพทย์ และสุขภาพ
วิทยาศาสตร์การแพทย์ และสุขภาพ
WY157 ก496ก ล.2 ฉ.5 
  Barcode: 28926
ห้องสมุดวิทยาเขตนครสวรรค์
►หนังสือทั่วไป:l:General Books
บนชั้น

รายการใกล้เคียง
    หัวเรื่อง [การพยาบาลสูติศาสตร์]

BibComment


ยังไม่เคยถูกคอมเมนท์

คอมเมนท์ทรัพยากรรายการนี้
  คอมเมนท์: การพยาบาลสูติศาส..


 Copyright 2026. Bcnsprnw @Library